书目信息 |
| 题名: |
黑暗的心
|
|
| 作者: | 康拉德 著 ;黄雨石, 译 | |
| 分册: | ||
| 出版信息: | 南京 江苏凤凰文艺出版社 2025.01 |
|
| 页数: | 231页 | |
| 开本: | 10.5×15cm | |
| 丛书名: | 随身轻经典文库 | |
| 单 册: | ||
| 中图分类: | I561.44 | |
| 科图分类: | ||
| 主题词: | 中篇小说--zhong pian xiao shuo--英国--近代 | |
| 电子资源: | ||
| ISBN: | 978-7-5594-7284-7 | |
| 000 | 01621nam 2200337 450 | |
| 001 | CAL 012025033098 | |
| 005 | 20251022143804.69 | |
| 010 | @a978-7-5594-7284-7@dCNY29.80 | |
| 099 | @aCAL 012025033098 | |
| 100 | @a20250326d2025 em y0chiy0120 ea | |
| 101 | 1 | @achi@ceng |
| 102 | @aCN@b320000 | |
| 105 | @ay z 000ay | |
| 106 | @ar | |
| 200 | 1 | @a黑暗的心@Ahei an de xin@f(英) 约瑟夫·康拉德著@g黄雨石译 |
| 210 | @a南京@c江苏凤凰文艺出版社@d2025.01 | |
| 215 | @a231页@d10.5×15cm | |
| 225 | 2 | @a随身轻经典文库@Asui shen qing jing dian wen ku@v008 |
| 312 | @a英文并列题名取自封面 | |
| 314 | @a约瑟夫·康拉德 (1857-1924), 出生于波兰, 英国小说家, 被誉为20世纪现代主译文学的先驱之一。黄雨石 (1919-2008), 湖北钟祥人。中国作家协会会员, 曾任人民文学出版社英语编辑。 | |
| 330 | @a本书是一部英国的中篇小说。小说中, 一个名叫马洛的水手受雇于一家比利时贸易公司, 前往非洲寻找一位名叫库尔茨的代理人。马洛一路上经历了艰辛的航程, 穿越了神秘的河流和浓密的森林。在这段旅程中, 他见识了自然的壮丽与人性的复杂, 逐渐意识到文明和野蛮的界限是多么模糊。通过马洛的叙述, 小说深刻探讨了人类内心深处的善与恶, 揭示了文化冲突与人性弱点的本质。最终, 马洛在这次探险中不仅找到了库尔茨, 也找到了自己内心的答案。 | |
| 333 | @a本书适用于小说爱好者 | |
| 410 | 0 | @12001 @a随身轻经典文库@v008 |
| 510 | 1 | @aHeart of darkness@zeng |
| 606 | 0 | @a中篇小说@Azhong pian xiao shuo@y英国@z近代 |
| 690 | @aI561.44@v5 | |
| 701 | 1 | @a康拉德@Akang la de@g(Conrad, Joseph),@f1857-1924@4著 |
| 702 | 0 | @a黄雨石,@Ahuang yu shi@f1919-2008@4译 |
| 801 | 0 | @aCN@c20250920 |
| 905 | @a河南城建学院图书馆@dI561.44@eK250-3@ZK250-3@f1 | |
| 998 | @aYYNU | |
| 黑暗的心/(英) 约瑟夫·康拉德著/黄雨石译.-南京:江苏凤凰文艺出版社,2025.01 |
| 231页;10.5×15cm.-(随身轻经典文库;008) |
| 使用对象:本书适用于小说爱好者 |
| ISBN 978-7-5594-7284-7:CNY29.80 |
| 本书是一部英国的中篇小说。小说中, 一个名叫马洛的水手受雇于一家比利时贸易公司, 前往非洲寻找一位名叫库尔茨的代理人。马洛一路上经历了艰辛的航程, 穿越了神秘的河流和浓密的森林。在这段旅程中, 他见识了自然的壮丽与人性的复杂, 逐渐意识到文明和野蛮的界限是多么模糊。通过马洛的叙述, 小说深刻探讨了人类内心深处的善与恶, 揭示了文化冲突与人性弱点的本质。最终, 马洛在这次探险中不仅找到了库尔茨, 也找到了自己内心的答案。 |
| ● |
| 相关链接 |
|
|
|
正题名:黑暗的心
索取号:I561.44/K250-3
 
预约/预借
| 序号 | 登录号 | 条形码 | 馆藏地/架位号 | 状态 | 备注 |
| 1 | 1637851 | 216378514 | 文学库116/116文学库 20排2列5层/ [索取号:I561.44/K250-3] | 在馆 |